MARC

LEADER 00000nam0a2200000 4500
001 148974
005 20231101221408.0
010 |a 5210001504 
035 |a (RuTPU)RU\TPU\book\161507 
090 |a 148974 
100 |a 20081210d1991 m y0rusy50 ca 
101 0 |a rus 
102 |a RU 
105 |a a z 001zy 
200 1 |a  Мир и фильмы Андрея Тарковского  |e размышления, исследования, воспоминания, письма 
210 |a Москва  |c Искусство  |d  1991 
215 |a 398 с.  |c ил. 
320 |a Библиогр.: с. 387-391. 
600 1 |a Тарковский  |b А. А.  |c российский кинорежиссер  |f 1932-1986  |g Андрей Арсеньевич  |2 stltpush  |3 (RuTPU)RU\TPU\pers\8007  |9 1564 
610 1 |a воспоминания 
610 1 |a размышления 
610 1 |a исследования 
610 1 |a письма 
610 1 |a фильмы 
610 1 |a режиссеры 
610 1 |a кино 
610 1 |a СССР 
610 1 |a кинорежиссеры 
675 |a 791.44.071.1(092)Тарковский  |v 3 
801 1 |a RU  |b 63413507  |c 20081210  |g PSBO 
801 2 |a RU  |b 63413507  |c 20090206  |g PSBO 
942 |c BK